| Поле | Инд. | ПП | Название | Значение |
|---|---|---|---|---|
| Тип записи | a | |||
| Библиографический уровень | m | |||
| 001 | Контрольный номер | 1d4b2a973a4645178a368c92fb5f27cc | ||
| 005 | Дата корректировки | 20240502161718.2 | ||
| 008 | Кодируемые данные | 141028|||||||||ru |||||||||||||||||rus|| | ||
| 020 | a | ISBN | 978-5-4222-0224-9 | |
| 041 | 0_ | a | Код языка текста | rus |
| 084 | a | Индекс другой классификации/Индекс ББК | 63.3(2Рос-4Мур) | |
| 090 | a | Полочн. индекс | 63.3(2Рос-4Мур) | |
| x | Авторский знак | У 93 | ||
| 111 | 2_ | a | Наименов. мероприятия | Ушаковские чтения (10; 2014; Мурманск) |
| 245 | 10 | a | Заглавие | X Ушаковские чтения |
| b | Продолж. заглавия | сб. науч. ст. | ||
| c | Ответственность | М-во образования и науки Рос. Федерации, Мурман. гос. гуманитар. ун-т, Гос. архив Мурман. обл., Мурман. гос. обл. универс. науч. б-ка, Мурман. обл. краевед. музей | ||
| c | Ответственность | науч. ред. Ю. П. Бардилева | ||
| 260 | a | Место издания | Мурманск | |
| b | Издательство | МГГУ | ||
| c | Дата издания | 2014 | ||
| 300 | a | Объем | 199 с. | |
| 500 | a | Примечание | Имеется электрон. аналог 2014 г. | |
| 504 | a | Библиография | Библиогр. в тексте | |
| 650 | 04 | a | Основная рубрика | Краеведение-Сборники |
| 651 | _4 | a | Географическое наименование | Евро-Арктический регион |
| 651 | _4 | a | Географическое наименование | Кольский Север |
| 651 | _4 | a | Географическое наименование | Европейский Север |
| 653 | 0_ | a | Ключевые слова | Историография русского севера; История Европейского Севера; История народов России; История регионов России; История Карелии; История Мурманской области; Краеведение; Краеведение историческое; Наследие И. Ф. Ушакова; Регионоведение |
| 901 | t | Тип документа | m |